[Event "Cesenatico op 14th"]
[Site "Cesenatico"]
[Date "2010.08.30"]
[Round "1"]
[White "Maffucci, Alessandro"]
[Black "Roeder, Matthias"]
[Result "0-1"]
[WhiteElo "2086"]
[BlackElo "2391"]
[PlyCount "27"]
[EventDate "2010.08.30"]
[EventType "swiss"]
[EventRounds "9"]
[EventCountry "ITA"]
[SourceTitle "CBM 138 Extra"]
[Source "ChessBase"]
[SourceDate "2010.10.29"]
[SourceVersion "1"]
[SourceVersionDate "2010.10.29"]
[SourceQuality "1"]

1. d4 Nf6 2. Nf3 e6 3. Bg5 h6 4. Bh4 c5 5. e3 Qb6 6. Qc1 Nc6 7. c3 d5 8. Be2 Bd7 9. Nbd2 cxd4 10. exd4 Nh5 11. Ne5 Nxe5 12. dxe5 Nf4 13. Bf1 Bb5 14. Bg3 0-1